Political science-II (Record no. 8723)

MARC details
000 -LEADER
fixed length control field 00487cam a2200205ua 4500
001 - CONTROL NUMBER
control field 9718
005 - DATE AND TIME OF LATEST TRANSACTION
control field 20260515114520.0
008 - FIXED-LENGTH DATA ELEMENTS--GENERAL INFORMATION
fixed length control field 160812n ii |||gr||||Z||||||eng
020 ## - INTERNATIONAL STANDARD BOOK NUMBER
International Standard Book Number 9788127244217
040 ## - CATALOGING SOURCE
Transcribing agency MAIN
041 ## - LANGUAGE CODE
Language code of text/sound track or separate title eng
082 ## - DEWEY DECIMAL CLASSIFICATION NUMBER
Classification number 320
100 ## - MAIN ENTRY--PERSONAL NAME
Personal name Ghai, K.K.,
Relator term Author.
245 ## - TITLE STATEMENT
Title Political science-II
Statement of responsibility, etc. by K.K. Ghai
250 ## - EDITION STATEMENT
Edition statement 2nd rev. ed.
260 ## - PUBLICATION, DISTRIBUTION, ETC.
Place of publication, distribution, etc. Ludhiana:
Name of publisher, distributor, etc. Kalyani publishers,
Date of publication, distribution, etc. 2008.
300 ## - PHYSICAL DESCRIPTION
Extent 330p.
653 ## - INDEX TERM--UNCONTROLLED
Uncontrolled term Political science
942 ## - ADDED ENTRY ELEMENTS (KOHA)
Koha item type Books
Holdings
Withdrawn status Lost status Damaged status Not for loan Home library Current library Shelving location Date acquired Total checkouts Full call number Barcode Date last seen Date last checked out Copy number Price effective from Koha item type
        Naharkatiya College Library Naharkatiya College Library General stacks 09/19/2020 1 320 | GHA 18557 08/04/2021 02/25/2021 1 09/19/2020 Books
        Naharkatiya College Library Naharkatiya College Library General stacks 09/19/2020 2 320 | GHA 18558 06/30/2023 05/22/2023 2 09/19/2020 Books
        Naharkatiya College Library Naharkatiya College Library General stacks 09/19/2020 1 320 | GHA 18559 05/20/2024 05/06/2024 3 09/19/2020 Books
        Naharkatiya College Library Naharkatiya College Library General stacks 09/19/2020   320 | GHA 18560 09/19/2020   4 09/19/2020 Books
        Naharkatiya College Library Naharkatiya College Library General stacks 09/19/2020 2 320 | GHA 18561 06/17/2022 06/17/2022 5 09/19/2020 Books
        Naharkatiya College Library Naharkatiya College Library General stacks 09/19/2020 1 320 | GHA 18562 07/14/2022 07/04/2022 8 09/19/2020 Books
        Naharkatiya College Library Naharkatiya College Library General stacks 09/19/2020 1 320 | GHA 18563 12/27/2021 12/01/2021 6 09/19/2020 Books
        Naharkatiya College Library Naharkatiya College Library General stacks 09/19/2020   320 | GHA 18565 09/19/2020   7 09/19/2020 Books
        Naharkatiya College Library Naharkatiya College Library General stacks 09/19/2020   320 | GHA 18566 09/19/2020   9 09/19/2020 Books